<?xml version="1.0" encoding="UTF-8"?><?xml-stylesheet type="text/xsl" href="static/style.xsl"?><OAI-PMH xmlns="http://www.openarchives.org/OAI/2.0/" xmlns:xsi="http://www.w3.org/2001/XMLSchema-instance" xsi:schemaLocation="http://www.openarchives.org/OAI/2.0/ http://www.openarchives.org/OAI/2.0/OAI-PMH.xsd"><responseDate>2026-04-13T00:12:51Z</responseDate><request verb="GetRecord" identifier="oai:www.recercat.cat:2072/427113" metadataPrefix="marc">https://recercat.cat/oai/request</request><GetRecord><record><header><identifier>oai:recercat.cat:2072/427113</identifier><datestamp>2024-10-31T01:48:00Z</datestamp><setSpec>com_2072_98</setSpec><setSpec>col_2072_378192</setSpec></header><metadata><record xmlns="http://www.loc.gov/MARC21/slim" xmlns:dcterms="http://purl.org/dc/terms/" xmlns:xsi="http://www.w3.org/2001/XMLSchema-instance" xmlns:doc="http://www.lyncode.com/xoai" xsi:schemaLocation="http://www.loc.gov/MARC21/slim http://www.loc.gov/standards/marcxml/schema/MARC21slim.xsd">
   <leader>00925njm 22002777a 4500</leader>
   <datafield ind2=" " ind1=" " tag="042">
      <subfield code="a">dc</subfield>
   </datafield>
   <datafield ind2=" " ind1=" " tag="720">
      <subfield code="a">Molina Lopez, Victor Michael</subfield>
      <subfield code="e">author</subfield>
   </datafield>
   <datafield ind2=" " ind1=" " tag="720">
      <subfield code="a">Oriol Granado, Xavier</subfield>
      <subfield code="e">author</subfield>
   </datafield>
   <datafield ind2=" " ind1=" " tag="720">
      <subfield code="a">Mendoza Lira, Michelle Celinda</subfield>
      <subfield code="e">author</subfield>
   </datafield>
   <datafield ind2=" " ind1=" " tag="720">
      <subfield code="a">Malo Cerrato, Sara</subfield>
      <subfield code="e">author</subfield>
   </datafield>
   <datafield ind2=" " ind1=" " tag="260">
      <subfield code="c">2018</subfield>
   </datafield>
   <datafield ind2=" " ind1=" " tag="520">
      <subfield code="a">El objetivo del estudio es comprobar, a través de un modelo de ecuación estructural, la influencia de las relaciones de apoyo a la autonomía del deportista sobre su afectividad positiva y regulación emocional experimentada en competición, y la adquisición de recursos personales como la autoconfianza y autoeficacia. Para ello, se seleccionaron 300 sujetos con edades comprendidas entre los 11 y 18 años, de diferentes deportes y categorías en formación, que estuvieran compitiendo. Los resultados obtenidos del modelo corroboran que el apoyo del entorno y, en concreto, las figuras de proximidad del deportista son fundamentales en etapas de formación para que adquieran y refuercen recursos personales que le permitan mejorar su rendimiento. Para ello, el deportista también debe gestionar de forma adecuada su sistema afectivo durante la competición, hecho que refuerza su autoconfianza y autoeficacia ante el reto deportivo. Finalmente, el modelo no mostró diferencias entre categorías iniciales y avanzadas.</subfield>
   </datafield>
   <datafield ind2=" " ind1=" " tag="520">
      <subfield code="a">This study aims to demonstrate through structural equation modeling the influence of athletes' autonomy-supportive relationships on the positive affectivity and emotion regulation experienced during competitions along with the acquisition of personal resources as self-confidence and self-efficacy. To that end, 300 young athletes in training from different sports and that were competing, with ages from 11 to 18 years were selected.The results confirm that a supportive environment and, specifically, close relationships are fundamental for young athletes in training stages to acquire and reinforce personal resources that allow them to improve their performance. For that, athletes also have to manage properly their affective system during competition, which reinforces self-confidence and self-efficacy when facing sport challenges. Finally, the model did not show differences between initial and advanced categories.</subfield>
   </datafield>
   <datafield tag="653" ind2=" " ind1=" ">
      <subfield code="a">Sports</subfield>
   </datafield>
   <datafield tag="653" ind2=" " ind1=" ">
      <subfield code="a">Self-confidence</subfield>
   </datafield>
   <datafield tag="653" ind2=" " ind1=" ">
      <subfield code="a">Affectivity</subfield>
   </datafield>
   <datafield tag="653" ind2=" " ind1=" ">
      <subfield code="a">Self-efficacy</subfield>
   </datafield>
   <datafield tag="653" ind2=" " ind1=" ">
      <subfield code="a">Deporte</subfield>
   </datafield>
   <datafield tag="653" ind2=" " ind1=" ">
      <subfield code="a">Autoconfianza</subfield>
   </datafield>
   <datafield tag="653" ind2=" " ind1=" ">
      <subfield code="a">Afectividad</subfield>
   </datafield>
   <datafield tag="653" ind2=" " ind1=" ">
      <subfield code="a">Autoeficacia</subfield>
   </datafield>
   <datafield ind2="0" ind1="0" tag="245">
      <subfield code="a">Influencia del apoyo socioemocional sobre la afectividad experimentada, autoconfianza y autoeficacia en jóvenes deportistas</subfield>
   </datafield>
</record></metadata></record></GetRecord></OAI-PMH>